zpět

Detail výsledku týmu

Záložna ST, Pardubice

Datum a čas kvízu

25.5 Celkem bodů Celkový počet nahraných bodů na tomto kvízu bez doplňovacích otázek.
16. Pořadí na kvízu Konečné umístění týmu na tomto kvízu.

Zaznamenané odpovědi

# Otázka Odpověď Body Výsledky
1. Ministr obrany Lubomír Metnar... Vojenská policie 1
2. V keňské rezervaci Laikipia Wi... levhart černý (uznáváme i leopard, panter nebo pardál) 0
3. Rakouská společnost Koch Media... Warhorse (Studios) 1
4. Jak se jmenuje slavný hollywoo... Harrison Ford 0
5. Obhájkyně Fed Cupu, české teni... Kanada 1
6. Dlouhé názvy filmů byly v módě... dobrodružství vojáka Ivana 0
5. Kultovní režisér Woody Allen v... báli jste se zeptat 1
5. Francouzsko - španělská komedi... budeme zlí 1
5. V roce 1964 natočil slavný rež... Dr. Divnoláska 0
5. Rodinná komedie, kde se objevi... žádné holce neopustil 0